[Event "ch-city"]
[Site "Milanowek"]
[Date "2013.06.26"]
[Round "3.4"]
[White "Kasperkiewicz, Pawel"]
[Black "Kowalczyk, Waldemar"]
[Result "1-0"]
[WhiteElo "2103"]
[BlackElo "1760"]
[PlyCount "87"]
[EventDate "2013.??.??"]
[EventType "swiss"]
[EventCountry "POL"]

1. e4 e6 2. d4 d5 3. Nc3 Nf6 4. Bg5 Be7 5. e5 Nfd7 6. Bxe7 Qxe7 7. f4 a6 8. Nf3
c5 9. Qd2 Nc6 10. dxc5 Nxc5 11. Bd3 g6 12. O-O-O Nxd3+ 13. cxd3 Bd7 14. Kb1 b5
15. Ne2 Qb4 16. Qxb4 Nxb4 17. a3 Nc6 18. Ned4 Nxd4 19. Nxd4 Ke7 20. Rc1 Rhc8
21. Rxc8 Rxc8 22. Rc1 Rxc1+ 23. Kxc1 Kd8 24. Kd2 Kc7 25. Kc3 a5 26. b4 a4 27.
Nf3 h6 28. Kd4 Kb6 29. g3 Kc6 30. h3 Kb6 31. Nh2 h5 32. Nf1 Kc6 33. g4 hxg4 34.
hxg4 Bc8 35. Ne3 Bd7 36. Nc2 Kb6 37. Ke3 Kc6 38. Nd4+ Kc7 39. f5 gxf5 40. gxf5
Kd8 41. f6 Kc8 42. Nf3 Kc7 43. Ng5 Be8 44. d4 1-0

[Event "ch-city"]
[Site "Milanowek"]
[Date "2013.06.26"]
[Round "3.5"]
[White "Woloszyn, Piotr"]
[Black "Jakovljev, Zoran"]
[Result "0-1"]
[WhiteElo "1533"]
[BlackElo "2280"]
[PlyCount "76"]
[EventDate "2013.??.??"]
[EventType "swiss"]
[EventCountry "POL"]

1. d4 g6 2. e4 Bg7 3. Nf3 d6 4. Bc4 Nf6 5. Qe2 O-O 6. Nc3 c6 7. a3 d5 8. Bb3 b6
9. e5 Ne8 10. Be3 Nc7 11. h3 a5 12. Qd2 Nd7 13. Bh6 Re8 14. Bxg7 Kxg7 15. g4
Rh8 16. O-O-O b5 17. Ne2 Nb6 18. Nf4 h6 19. Rdg1 Nc4 20. Qe1 Ne6 21. Nd3 Qb6
22. c3 Ba6 23. g5 h5 24. Nc5 Bc8 25. Nxe6+ Bxe6 26. Nh4 b4 27. Bxc4 bxa3 28.
bxa3 dxc4 29. Kd2 c5 30. Qb1 Qc6 31. Ke3 cxd4+ 32. cxd4 Rab8 33. Qc2 Rb3+ 34.
Kf4 Bd5 35. Rh2 Rhb8 36. Re1 Rd3 37. Rd1 Rbb3 38. Qe2 Rf3+ 0-1

[Event "ch-city"]
[Site "Milanowek"]
[Date "2013.06.26"]
[Round "3.6"]
[White "Herman, Monika"]
[Black "Lasota, Adam"]
[Result "1-0"]
[WhiteElo "1665"]
[BlackElo "1893"]
[PlyCount "147"]
[EventDate "2013.??.??"]
[EventType "swiss"]
[EventCountry "POL"]

1. e4 c5 2. Nf3 e6 3. d3 d6 4. g3 g6 5. Bg2 Bg7 6. Nbd2 Ne7 7. O-O O-O 8. Re1
Nbc6 9. c3 b5 10. Nf1 Qb6 11. Be3 e5 12. Qd2 b4 13. Bh6 a5 14. Bxg7 Kxg7 15.
Ne3 a4 16. Nc4 Qc7 17. d4 Ba6 18. Ne3 Rfd8 19. d5 bxc3 20. bxc3 Na5 21. Bf1
Bxf1 22. Rxf1 Rdb8 23. Rfd1 Qd7 24. Kg2 Rb5 25. Rdb1 Rab8 26. Rxb5 Qxb5 27.
Nf5+ gxf5 28. Qg5+ Kf8 29. Qh6+ Ke8 30. Qxd6 Nc4 31. Qf6 Rb6 32. Qh8+ Kd7 33.
Qxh7 fxe4 34. Qxe4 f5 35. Qxc4 e4 36. Qxb5+ Rxb5 37. Nd2 Nxd5 38. Nxe4 fxe4 39.
c4 Ne3+ 40. fxe3 Rb2+ 41. Kg1 Rc2 42. h4 Rxc4 43. h5 Ke6 44. Rf1 Rb4 45. g4 Rb8
46. Kg2 Rh8 47. Rf5 Kd6 48. Kg3 c4 49. Kf4 Re8 50. h6 c3 51. Rh5 c2 52. Rh1 Ke6
53. Rc1 Rc8 54. h7 Rh8 55. Rxc2 Rxh7 56. Rc4 Kd5 57. Rxa4 Rf7+ 58. Kg5 Rg7+ 59.
Kh4 Rc7 60. Kg3 Rf7 61. Kh4 Rc7 62. Rd4+ Ke5 63. Rd2 Rc1 64. Re2 Rh1+ 65. Kg5
Rf1 66. Kg6 Rf6+ 67. Kg7 Rf3 68. g5 Kf5 69. g6 Rg3 70. Kf7 Ke5 71. g7 Rf3+ 72.
Kg8 Rg3 73. Rh2 Rf3 74. Kh8 1-0

[Event "ch-city"]
[Site "Milanowek"]
[Date "2013.06.26"]
[Round "3.7"]
[White "Bitowt, Jacek"]
[Black "Chylewski, Patryk"]
[Result "1-0"]
[WhiteElo "1858"]
[BlackElo "1740"]
[PlyCount "111"]
[EventDate "2013.??.??"]
[EventType "swiss"]
[EventCountry "POL"]

1. e4 c5 2. c3 d5 3. exd5 Qxd5 4. d4 Nc6 5. Be3 Nf6 6. c4 Qd6 7. d5 Ne5 8. Nc3
a6 9. Nf3 Bg4 10. Be2 Bxf3 11. Bxf3 Nxf3+ 12. Qxf3 g6 13. O-O Bg7 14. Bf4 Qd7
15. h3 O-O 16. Rfe1 Rfe8 17. Rad1 Nh5 18. Be5 Bxe5 19. Rxe5 Nf6 20. Qe3 Qd6 21.
Re1 Kf8 22. Qh6+ Kg8 23. Qe3 Kf8 24. g4 Rab8 25. a4 b6 26. Qf3 Rb7 27. R1e3 Ra7
28. Ne2 Rb7 29. Ng3 b5 30. g5 Ng8 31. Re6 Qb8 32. Rxa6 bxa4 33. Rxa4 Rxb2 34.
Re1 Rb3 35. Qg4 Rb1 36. Ra1 Rxe1+ 37. Rxe1 Qb4 38. Qe4 Rb8 39. Kg2 Qd2 40. h4
Rb4 41. Ra1 Qc3 42. Ra8+ Kg7 43. h5 Rxc4 44. h6+ Nxh6 45. gxh6+ Kxh6 46. Qxe7
Rf4 47. Qe3 Qxe3 48. fxe3 Rb4 49. Kf3 Rb1 50. Rc8 Rc1 51. Ne2 Rc2 52. Nd4 Ra2
53. Rxc5 f5 54. d6 Ra8 55. d7 Rd8 56. Rd5 1-0

[Event "ch-city"]
[Site "Milanowek"]
[Date "2013.06.26"]
[Round "3.9"]
[White "Zbrzeski, Piotr"]
[Black "Borowski, Marek"]
[Result "1/2-1/2"]
[WhiteElo "1786"]
[BlackElo "1506"]
[PlyCount "56"]
[EventDate "2013.??.??"]
[EventType "swiss"]
[EventCountry "POL"]

1. d4 d5 2. c4 c6 3. Nf3 Nf6 4. Nc3 dxc4 5. a4 Bf5 6. Nh4 Bg6 7. Nxg6 hxg6 8.
e4 e6 9. Bxc4 Bb4 10. f3 c5 11. Be3 cxd4 12. Bxd4 Nc6 13. Bb5 Qc7 14. Bxf6 gxf6
15. Bxc6+ bxc6 16. Qd4 Rxh2 17. O-O-O Bxc3 18. Qxc3 Rxh1 19. Rxh1 Ke7 20. Rd1
Rb8 21. Qc5+ Ke8 22. Rh1 Qb6 23. Qxb6 Rxb6 24. Rh8+ Kd7 25. Rf8 Ke7 26. Rc8 Kd7
27. Rf8 Ke7 28. Rc8 Kd7 1/2-1/2

[Event "ch-city"]
[Site "Milanowek"]
[Date "2013.06.26"]
[Round "3.12"]
[White "Kanach, Jerzy"]
[Black "Moscicka, Pola"]
[Result "0-1"]
[WhiteElo "1490"]
[BlackElo "1487"]
[PlyCount "112"]
[EventDate "2013.??.??"]
[EventType "swiss"]
[EventCountry "POL"]

1. e4 c5 2. Nf3 d6 3. Nc3 Nc6 4. Be2 Nf6 5. d3 g6 6. O-O Bg7 7. Bd2 O-O 8. Be1
b6 9. Rb1 Bb7 10. h3 Nd7 11. Nh2 Nd4 12. Bf3 Ne5 13. Bd2 f5 14. Nd5 e6 15. Nf4
Nexf3+ 16. Nxf3 Nxf3+ 17. Qxf3 fxe4 18. dxe4 Qc8 19. Qe3 d5 20. Rbd1 Ba6 21.
exd5 Bxf1 22. Kxf1 exd5 23. Nxd5 Kh8 24. c4 Qf5 25. Qg3 Rae8 26. Bc3 Bxc3 27.
Qxc3+ Qe5 28. Qxe5+ Rxe5 29. f3 Rd8 30. Kf2 b5 31. b3 bxc4 32. bxc4 Rb8 33. Rd2
Re6 34. g4 Ra6 35. g5 Ra4 36. Nf6 Rxc4 37. Rd7 Rh4 38. Kg3 Rbb4 39. Rxa7 Ra4
40. Rc7 Rac4 41. a4 Rxa4 42. Rxc5 Kg7 43. Rc7+ Kf8 44. Nxh7+ Ke8 45. Nf6+ Kd8
46. Rg7 Rhd4 47. Rxg6 Rd3 48. Ng4 Raa3 49. Rf6 Ke7 50. h4 Rd5 51. Nh6 Rb3 52.
Nf5+ Kd7 53. g6 Rb8 54. g7 Rg8 55. h5 Rxf5 56. Rxf5 Rxg7+ 0-1

[Event "ch-city"]
[Site "Milanowek"]
[Date "2013.06.26"]
[Round "3.13"]
[White "Tomczyk, Ryszard"]
[Black "Moscicki, Slawomir"]
[Result "1-0"]
[WhiteElo "1488"]
[BlackElo "1388"]
[PlyCount "102"]
[EventDate "2013.??.??"]
[EventType "swiss"]
[EventCountry "POL"]

1. e4 d6 2. d4 Nf6 3. Nc3 Nbd7 4. Nf3 e5 5. dxe5 dxe5 6. a3 Be7 7. Bc4 c6 8.
Bg5 O-O 9. Qe2 b5 10. Bb3 h6 11. Bd2 Bb7 12. h3 a6 13. Ba2 a5 14. Be3 Ba6 15.
Nb1 Nxe4 16. Bxh6 Nef6 17. Bd2 b4 18. Bc4 Bxc4 19. Qxc4 c5 20. Be3 Rb8 21. b3
Nb6 22. Qe2 Nfd5 23. Bc1 Bf6 24. Nh2 Re8 25. O-O Bg5 26. Bb2 Nf4 27. Qg4 Qf6
28. Re1 Bh6 29. Nf3 Ng6 30. Nbd2 Bxd2 31. Nxd2 Qf4 32. Qe2 Rbd8 33. Rad1 Nd5
34. Ne4 Nc3 35. Nxc3 bxc3 36. Bxc3 a4 37. Rxd8 Rxd8 38. Bxe5 Nxe5 39. Qxe5 Qd2
40. Qe2 Qc3 41. bxa4 Qxa3 42. Qb5 Kf8 43. c4 Qc3 44. Qxc5+ Kg8 45. Rf1 Qc2 46.
a5 Qa4 47. Qb5 Qc2 48. a6 Rc8 49. a7 Ra8 50. Qb8+ Rxb8 51. axb8=Q+ Kh7 1-0

[Event "ch-city"]
[Site "Milanowek"]
[Date "2013.06.27"]
[Round "4.1"]
[White "Sujkowski, Pawel"]
[Black "Strzemiecki, Zbigniew"]
[Result "0-1"]
[WhiteElo "1957"]
[BlackElo "2431"]
[PlyCount "76"]
[EventDate "2013.??.??"]
[EventType "swiss"]
[EventCountry "POL"]

1. e4 e6 2. d4 d5 3. e5 c5 4. c3 Qb6 5. Nf3 Nc6 6. a3 Nh6 7. b4 cxd4 8. Bxh6
gxh6 9. cxd4 Bd7 10. Be2 Rc8 11. O-O Bg7 12. Qd2 O-O 13. Ra2 f6 14. b5 Ne7 15.
exf6 Rxf6 16. Ne5 Be8 17. Ng4 Rg6 18. Ne5 Nf5 19. Rc1 Rxc1+ 20. Qxc1 Rf6 21.
Ng4 Rf8 22. Bd3 Qxd4 23. Bxf5 exf5 24. Ne3 f4 25. Nf1 Bxb5 26. Nbd2 Re8 27. Rc2
Qa1 28. Nb1 Bc4 29. Nfd2 b5 30. Nf3 a5 31. h3 Kh8 32. Kh2 b4 33. axb4 axb4 34.
Nbd2 b3 35. Rxc4 dxc4 36. Qxc4 b2 37. Qxf4 b1=Q 38. Nxb1 Qxb1 0-1

[Event "ch-city"]
[Site "Milanowek"]
[Date "2013.06.27"]
[Round "4.2"]
[White "Liberadzki, Slawomir"]
[Black "Kasperkiewicz, Pawel"]
[Result "1-0"]
[WhiteElo "2078"]
[BlackElo "2103"]
[PlyCount "89"]
[EventDate "2013.??.??"]
[EventType "swiss"]
[EventCountry "POL"]

1. c4 e5 2. Nc3 Nc6 3. g3 Bc5 4. Bg2 d6 5. e3 Nge7 6. Nge2 a5 7. d4 exd4 8.
exd4 Bb6 9. O-O O-O 10. Be3 Nf5 11. Nd5 Ba7 12. Qd2 Nce7 13. Qxa5 Nxd5 14. Bxd5
Qe7 15. Qd2 Re8 16. Rae1 c6 17. Bg5 Qc7 18. Bg2 Be6 19. d5 cxd5 20. cxd5 Bd7
21. Nc3 h6 22. Bf4 Qc4 23. Re4 Rxe4 24. Nxe4 Qd4 25. Rd1 Qxd2 26. Bxd2 Bd4 27.
Bc3 Ba4 28. Rxd4 Nxd4 29. Bxd4 Bc2 30. Nxd6 Rxa2 31. h4 Ra1+ 32. Kh2 Rd1 33.
Bc5 Bb3 34. Nxb7 Bxd5 35. Bxd5 Rxd5 36. b4 f5 37. b5 Kf7 38. b6 Ke6 39. Be3 Rb5
40. Nc5+ Kd6 41. h5 Kc6 42. b7 Rb2 43. Bf4 Rxf2+ 44. Kh3 Rb2 45. b8=Q 1-0

[Event "ch-city"]
[Site "Milanowek"]
[Date "2013.06.27"]
[Round "4.3"]
[White "Jakovljev, Zoran"]
[Black "Wojtaszewski, Piotr"]
[Result "1/2-1/2"]
[WhiteElo "2280"]
[BlackElo "2018"]
[Annotator "Admin"]
[PlyCount "74"]
[EventDate "2013.??.??"]
[EventType "swiss"]
[EventCountry "POL"]

1. e4 c5 2. Nf3 e6 3. Nc3 Nc6 4. Bb5 Nd4 5. a4 Nxb5 6. Nxb5 a6 7. Nc3 Ne7 8.
O-O Nc6 9. d4 cxd4 10. Nxd4 d6 11. Nxc6 bxc6 12. Re1 Be7 13. Qg4 h5 14. Qxg7
Bf6 15. Qg3 e5 16. h3 Bh4 17. Qf3 Rg8 18. Rd1 Rg6 19. Be3 Bg5 20. Kh1 Bd7 21.
Rd3 Bxe3 22. Qxe3 Qh4 23. Ne2 Ke7 24. Ng1 f5 25. exf5 Bxf5 26. Rd2 Rag8 27.
Qa7+ Bd7 28. g3 Qe4+ 29. f3 Qf5 30. g4 hxg4 31. hxg4 Rxg4 32. fxg4 Qe4+ 33. Rg2
Rh8+ 34. Nh3 Rxh3+ 35. Kg1 c5 36. Rf1 Qe3+ 37. Rff2 Qe1+ $11 1/2-1/2

[Event "ch-city"]
[Site "Milanowek"]
[Date "2013.06.27"]
[Round "4.4"]
[White "Szefer, Michal"]
[Black "Herman, Monika"]
[Result "1-0"]
[WhiteElo "1992"]
[BlackElo "1665"]
[PlyCount "121"]
[EventDate "2013.??.??"]
[EventType "swiss"]
[EventCountry "POL"]

1. e4 e5 2. f4 exf4 3. Nf3 d6 4. d4 g5 5. Bc4 h6 6. O-O Bg7 7. Nc3 Ne7 8. g3 g4
9. Nh4 f3 10. Nxf3 gxf3 11. Qxf3 Bxd4+ 12. Kg2 Be6 13. Bxe6 fxe6 14. Ne2 Be5
15. Bf4 Bxf4 16. Nxf4 Qd7 17. Qh5+ Kd8 18. Qf7 Nbc6 19. Nxe6+ Kc8 20. Nf8 Qg4
21. Qe8+ Nd8 22. Qxe7 b6 23. Rf4 Qg8 24. b3 Kb7 25. Raf1 Nc6 26. Qf7 Ne5 27.
Qd5+ Qxd5 28. exd5 a5 29. a4 h5 30. h3 Re8 31. R1f2 b5 32. axb5 Kb6 33. Ne6 Re7
34. Rf8 Rxf8 35. Rxf8 Kxb5 36. Rb8+ Ka6 37. Rh8 c6 38. dxc6 Nxc6 39. Nf4 Nd4
40. Rc8 Re5 41. Rc4 Nf5 42. Kf2 Kb5 43. Nd3 Re8 44. Rf4 Ne3 45. c4+ Kc6 46. Rh4
Nd1+ 47. Kf1 Re3 48. Nf2 Rxg3 49. Nxd1 Rxb3 50. Rxh5 a4 51. h4 a3 52. Ra5 Rh3
53. h5 a2 54. Rxa2 Rxh5 55. Ne3 Rh4 56. Rd2 Rh6 57. Ke2 Rh5 58. Kd3 Rg5 59. Kc3
Rg3 60. Rd3 Rh3 61. Nf5 1-0

[Event "ch-city"]
[Site "Milanowek"]
[Date "2013.06.27"]
[Round "4.5"]
[White "Praczukowski, Stanislaw"]
[Black "Bitowt, Jacek"]
[Result "1-0"]
[WhiteElo "1838"]
[BlackElo "1858"]
[PlyCount "117"]
[EventDate "2013.??.??"]
[EventType "swiss"]
[EventCountry "POL"]

1. g3 d5 2. Bg2 Nf6 3. d4 e6 4. c4 c6 5. Nf3 Bd6 6. O-O O-O 7. Qc2 Ne4 8. Nc3
f5 9. Rb1 Nd7 10. b4 Ndf6 11. c5 Bc7 12. b5 Nxc3 13. Qxc3 Ne4 14. Qc2 Bd7 15.
bxc6 bxc6 16. Bf4 Bxf4 17. gxf4 Qc7 18. e3 Rfb8 19. Ne5 Be8 20. Bf3 Qa5 21.
Rxb8 Rxb8 22. Rb1 Rb4 23. Bxe4 fxe4 24. Rxb4 Qxb4 25. Qb3 Qxb3 26. axb3 Kf8 27.
Kf1 Ke7 28. Ke2 Kd8 29. f3 exf3+ 30. Kxf3 Bh5+ 31. Kg3 Kc7 32. Kh4 Be8 33. Nd3
Bg6 34. Ne5 Be8 35. Kg3 Kb7 36. Kf2 Ka6 37. Ke2 Kb5 38. Kd3 Kb4 39. Kc2 a5 40.
Kb2 Kb5 41. Ka3 Bh5 42. Nd7 Bg4 43. Nf8 Bf5 44. Nd7 Bg6 45. Nb6 Bc2 46. Na8 Ka6
47. Nc7+ Kb7 48. Nxe6 g6 49. Ng5 h5 50. Nf7 Kc7 51. Ne5 Kb7 52. Ka4 Be4 53.
Kxa5 Bc2 54. b4 Bf5 55. b5 cxb5 56. Kxb5 Kc7 57. c6 Bc2 58. Kc5 Be4 59. h4 1-0

[Event "ch-city"]
[Site "Milanowek"]
[Date "2013.06.27"]
[Round "4.6"]
[White "Kowalik, Pawel"]
[Black "Zbrzeski, Piotr"]
[Result "1-0"]
[WhiteElo "1655"]
[BlackElo "1786"]
[PlyCount "109"]
[EventDate "2013.??.??"]
[EventType "swiss"]
[EventCountry "POL"]

1. c4 c6 2. d4 d5 3. Nc3 e5 4. cxd5 cxd5 5. dxe5 d4 6. Ne4 Qa5+ 7. Bd2 Qxe5 8.
Ng3 Nc6 9. Nf3 Qd5 10. e4 dxe3 11. Bxe3 Bb4+ 12. Bd2 Bxd2+ 13. Qxd2 Qxd2+ 14.
Nxd2 Nf6 15. Bb5 Bd7 16. O-O O-O 17. Nde4 Nxe4 18. Nxe4 a6 19. Ba4 b5 20. Bb3
Nd4 21. Bd5 Bc6 22. Bxc6 Nxc6 23. Rfd1 Rfe8 24. Ng3 Rad8 25. Kf1 g6 26. Rac1
Rxd1+ 27. Rxd1 Rd8 28. Rxd8+ Nxd8 29. Ke2 Kf8 30. Ke3 Ne6 31. Ne2 Ke7 32. Nd4
Kd6 33. Nxe6 fxe6 34. Kd4 e5+ 35. Ke4 a5 36. h4 Ke6 37. g3 Kd6 38. g4 Ke6 39.
f4 exf4 40. Kxf4 h6 41. Ke4 Kd6 42. Kd4 g5 43. h5 Ke6 44. Ke4 a4 45. a3 Kd6 46.
Kf5 Kd5 47. Kg6 Ke6 48. Kxh6 Kf6 49. Kh7 Kf7 50. h6 Kf6 51. Kg8 Kg6 52. h7 b4
53. h8=Q bxa3 54. Qh7+ Kf6 55. bxa3 1-0

[Event "ch-city"]
[Site "Milanowek"]
[Date "2013.06.27"]
[Round "4.7"]
[White "Kowalczyk, Waldemar"]
[Black "Wierzgala, Krzysztof"]
[Result "0-1"]
[WhiteElo "1760"]
[BlackElo "1756"]
[PlyCount "66"]
[EventDate "2013.??.??"]
[EventType "swiss"]
[EventCountry "POL"]

1. d4 d5 2. c4 e6 3. Nf3 c5 4. e3 Nf6 5. Nc3 Nc6 6. Bd3 Bd6 7. O-O a6 8. a3 O-O
9. Re1 b6 10. b3 Bb7 11. Bb2 Rc8 12. cxd5 exd5 13. Bc2 Ne7 14. Rc1 b5 15. dxc5
Bxc5 16. Nd4 Qd6 17. Nce2 Bxa3 18. Bxa3 Qxa3 19. Ng3 Rfe8 20. Ra1 Qd6 21. h4
Rc7 22. h5 Bc8 23. h6 Bg4 24. Qd3 g6 25. f4 Rec8 26. Ra2 Rc3 27. Qd2 Nh5 28.
Nxh5 gxh5 29. Rea1 Qc5 30. Rb2 Nc6 31. Rxa6 Nb4 32. Ra5 Rxc2 33. Nxc2 Nxc2 0-1

[Event "ch-city"]
[Site "Milanowek"]
[Date "2013.06.27"]
[Round "4.10"]
[White "Chylewski, Patryk"]
[Black "Moscicka, Pola"]
[Result "1/2-1/2"]
[WhiteElo "1740"]
[BlackElo "1487"]
[Annotator "Admin"]
[PlyCount "132"]
[EventDate "2013.??.??"]
[EventType "swiss"]
[EventCountry "POL"]

1. e4 e5 2. Nf3 Nf6 3. Nxe5 d6 4. Nf3 Nxe4 5. Nc3 Nxc3 6. dxc3 Be7 7. Be3 O-O
8. Bd3 Bg4 9. h3 Be6 10. Qd2 Nc6 11. O-O-O Qe8 12. Kb1 Ne5 13. Nxe5 dxe5 14. g4
Qa4 15. b3 Qa3 16. Qe2 Kh8 17. Be4 c6 18. g5 a5 19. Qh5 g6 20. Qe2 a4 21. Bc1
Qc5 22. Rd3 axb3 23. cxb3 Qa5 24. Qc2 c5 25. c4 Ra7 26. h4 b5 27. Ka1 bxc4 28.
bxc4 Rb8 29. Rb3 Rxb3 30. Qxb3 Qb4 31. Qxb4 cxb4 32. Be3 Ra3 33. Bd5 Bxd5 34.
cxd5 Rd3 35. h5 Rxd5 36. h6 f6 37. Rc1 Rd8 38. Rc6 Rd6 39. Rc7 Bd8 40. Rc8 Kg8
41. Bb6 Rxb6 42. Rxd8+ Kf7 43. Rh8 fxg5 44. Rxh7+ Kg8 45. Re7 Kh8 46. Kb2 g4
47. Kb3 Kg8 48. Rxe5 Kh7 49. Re4 Rf6 50. Rxg4 Rxf2 51. Rxb4 Kxh6 52. a4 Rf3+
53. Kc2 Rf2+ 54. Kd3 Ra2 55. Kc4 g5 56. Kb5 Kh5 $11 57. a5 g4 58. a6 Kh4 59.
Kb6 Kh3 60. Kb7 g3 61. Rb6 Rxa6 62. Kxa6 g2 63. Rg6 Kh2 64. Rh6+ Kg3 65. Rg6+
Kf2 66. Rf6+ Kg3 1/2-1/2

[Event "ch-city"]
[Site "Milanowek"]
[Date "2013.06.27"]
[Round "4.11"]
[White "Kucharski, Jacek"]
[Black "Woloszyn, Piotr"]
[Result "1/2-1/2"]
[WhiteElo "1371"]
[BlackElo "1533"]
[PlyCount "51"]
[EventDate "2013.??.??"]
[EventType "swiss"]
[EventCountry "POL"]

1. d4 Nf6 2. c4 e6 3. Nc3 Bb4 4. e3 Ne4 5. Bd2 Bxc3 6. bxc3 Nxd2 7. Qxd2 d5 8.
Nf3 O-O 9. Bd3 Nd7 10. cxd5 exd5 11. c4 dxc4 12. Bxc4 c5 13. O-O Nb6 14. Qc3
Nxc4 15. Qxc4 cxd4 16. Rfd1 Qa5 17. Rxd4 Be6 18. Qb4 Qc7 19. Ng5 h6 20. Nxe6
fxe6 21. Rad1 Rad8 22. Qd2 Rxd4 23. Qxd4 Qf7 24. f3 a6 25. Qa4 Qg6 26. Kf2
1/2-1/2

[Event "ch-city"]
[Site "Milanowek"]
[Date "2013.06.28"]
[Round "5.1"]
[White "Strzemiecki, Zbigniew"]
[Black "Liberadzki, Slawomir"]
[Result "1-0"]
[WhiteElo "2431"]
[BlackElo "2078"]
[PlyCount "43"]
[EventDate "2013.??.??"]
[EventType "swiss"]
[EventCountry "POL"]

1. e4 c5 2. Nf3 e6 3. d4 cxd4 4. Nxd4 Nc6 5. Nc3 Qc7 6. Be3 a6 7. Bd3 Nf6 8.
O-O Nxd4 9. Bxd4 Bc5 10. Bxc5 Qxc5 11. Kh1 d6 12. f4 e5 13. Qd2 Be6 14. Rae1
Rc8 15. fxe5 dxe5 16. Qg5 Kf8 17. Nd5 Ng4 18. b4 Nf2+ 19. Rxf2 Qxf2 20. Qe7+
Kg8 21. Rf1 Qa7 22. Qxe6 1-0

[Event "ch-city"]
[Site "Milanowek"]
[Date "2013.06.28"]
[Round "5.2"]
[White "Wojtaszewski, Piotr"]
[Black "Sujkowski, Pawel"]
[Result "1/2-1/2"]
[WhiteElo "2018"]
[BlackElo "1957"]
[Annotator "Admin"]
[PlyCount "39"]
[EventDate "2013.??.??"]
[EventType "swiss"]
[EventCountry "POL"]

1. c4 c6 2. Nc3 d5 3. d4 Nf6 4. Nf3 a6 5. e3 b5 6. cxd5 cxd5 7. Ne5 e6 8. Bd3
Bd6 9. f4 Bb7 10. O-O O-O 11. a3 Ne4 $11 12. Rf3 f6 13. Ng4 f5 14. Ne5 Nd7 15.
Bxe4 dxe4 16. Rh3 Bxe5 17. fxe5 Qe8 18. Bd2 Nb6 19. Qe1 Qf7 20. Rc1 $11 1/2-1/2

[Event "ch-city"]
[Site "Milanowek"]
[Date "2013.06.28"]
[Round "5.3"]
[White "Praczukowski, Stanislaw"]
[Black "Szefer, Michal"]
[Result "1/2-1/2"]
[WhiteElo "1838"]
[BlackElo "1992"]
[Annotator "Admin"]
[PlyCount "59"]
[EventDate "2013.??.??"]
[EventType "swiss"]
[EventCountry "POL"]

1. e4 c5 2. Nf3 d6 3. d4 Nf6 4. Nc3 cxd4 5. Nxd4 a6 6. Bg5 e6 7. f4 Qb6 8. Qd2
Nc6 9. O-O-O Bd7 10. Bxf6 gxf6 11. Nf5 exf5 12. Nd5 Qd8 13. exf5 Bxf5 14. Re1+
Be7 15. Bd3 Be6 16. Nxe7 Nxe7 17. f5 Bd5 18. Qh6 Qa5 19. Qxf6 O-O-O 20. Rxe7
Qxa2 21. Qc3+ Kb8 22. Rhe1 Rc8 23. Rc7 Qa1+ 24. Kd2 Qxe1+ 25. Kxe1 Rhe8+ 26.
Kf2 Rxc7 27. Qd4 Re5 28. c4 Bc6 29. Qxd6 Ree7 30. Be2 $11 1/2-1/2

[Event "ch-city"]
[Site "Milanowek"]
[Date "2013.06.28"]
[Round "5.4"]
[White "Kowalik, Pawel"]
[Black "Jakovljev, Zoran"]
[Result "0-1"]
[WhiteElo "1655"]
[BlackElo "2280"]
[PlyCount "52"]
[EventDate "2013.??.??"]
[EventType "swiss"]
[EventCountry "POL"]

1. c4 g6 2. Nc3 Bg7 3. g3 d6 4. d4 Nd7 5. Bg2 e5 6. Nf3 Nh6 7. O-O O-O 8. h3 f6
9. b4 a5 10. b5 Nf7 11. a4 Re8 12. Qc2 c6 13. Ba3 f5 14. dxe5 dxe5 15. Rad1 e4
16. Nd4 Qf6 17. f3 exf3 18. exf3 Re3 19. Kf2 Rxc3 20. Qxc3 c5 21. Qd2 Qxd4+ 22.
Qxd4 Bxd4+ 23. Ke2 Nb6 24. f4 Be6 25. Rh1 Bxc4+ 26. Kd2 Bb3 0-1

[Event "ch-city"]
[Site "Milanowek"]
[Date "2013.06.28"]
[Round "5.5"]
[White "Kasperkiewicz, Pawel"]
[Black "Wierzgala, Krzysztof"]
[Result "1-0"]
[WhiteElo "2103"]
[BlackElo "1756"]
[PlyCount "65"]
[EventDate "2013.??.??"]
[EventType "swiss"]
[EventCountry "POL"]

1. e4 e5 2. Bc4 Nf6 3. d3 Nc6 4. Nf3 Be7 5. O-O O-O 6. Re1 d6 7. c3 Na5 8. Bb5
c6 9. Ba4 b5 10. Bc2 Qc7 11. a4 a6 12. axb5 cxb5 13. Nbd2 h6 14. Nf1 Nc6 15.
Ne3 a5 16. d4 Bd7 17. Nd5 Qb7 18. Nxe7+ Nxe7 19. dxe5 dxe5 20. Nxe5 Be6 21. Qf3
Nd7 22. Nxd7 Qxd7 23. Qg3 Kh8 24. Be3 f5 25. Rad1 Qb7 26. Rd6 Rf6 27. Bd4 Rg6
28. Qxg6 Nxg6 29. Rxe6 Ra6 30. Re8+ Kh7 31. exf5 Nf4 32. f6+ Ng6 33. R1e7 1-0

[Event "ch-city"]
[Site "Milanowek"]
[Date "2013.06.28"]
[Round "5.6"]
[White "Tomczyk, Ryszard"]
[Black "Lasota, Adam"]
[Result "1/2-1/2"]
[WhiteElo "1488"]
[BlackElo "1893"]
[PlyCount "98"]
[EventDate "2013.??.??"]
[EventType "swiss"]
[EventCountry "POL"]

1. e4 c5 2. Nf3 e6 3. d4 cxd4 4. Nxd4 Nc6 5. a3 a6 6. Bc4 Qb6 7. Nf3 Nf6 8.
Nfd2 Bc5 9. O-O d5 10. exd5 exd5 11. Ba2 O-O 12. h3 Be6 13. c3 Rad8 14. b4 Bd6
15. Nf3 Ne5 16. Be3 Qc7 17. Bd4 Nfd7 18. Nbd2 Nc6 19. Be3 h6 20. Nd4 Nce5 21.
Rc1 Nc4 22. Nxc4 dxc4 23. Nxe6 fxe6 24. Qg4 Ne5 25. Qxe6+ Kh8 26. h4 Rf6 27.
Qh3 Nd3 28. Rc2 Re8 29. Qg4 b5 30. Bd4 Rf4 31. Qh5 Kh7 32. Qxe8 Rxh4 33. f4
Bxf4 34. Rf3 Bg5 35. g3 Rg4 36. Rg2 Qd6 37. Bxg7 Nf4 38. Bb1+ Kxg7 39. gxf4
Qd1+ 40. Rf1 Rxg2+ 41. Kxg2 Qg4+ 42. Kf2 Qxf4+ 43. Ke2 Qd2+ 44. Kf3 Qf4+ 45.
Ke2 Qd2+ 46. Kf3 Qf4+ 47. Ke2 Qd2+ 48. Kf3 Qf4+ 49. Ke2 Qd2+ 1/2-1/2

[Event "ch-city"]
[Site "Milanowek"]
[Date "2013.06.28"]
[Round "5.7"]
[White "Bitowt, Jacek"]
[Black "Borowski, Marek"]
[Result "1-0"]
[WhiteElo "1858"]
[BlackElo "1506"]
[PlyCount "125"]
[EventDate "2013.??.??"]
[EventType "swiss"]
[EventCountry "POL"]

1. e4 e6 2. d4 d5 3. Nd2 Nf6 4. e5 Nfd7 5. Ndf3 c5 6. c3 Nc6 7. Bd3 Qa5 8. Bd2
cxd4 9. cxd4 Bb4 10. Ne2 a6 11. O-O Bxd2 12. Qxd2 Qxd2 13. Nxd2 Nb4 14. Bb1 O-O
15. a3 Nc6 16. Bd3 f6 17. exf6 Nxf6 18. Nf3 Bd7 19. Rfe1 Rae8 20. Nc3 b5 21. b4
Re7 22. Rad1 h6 23. Bg6 Be8 24. Nh4 Nd7 25. g3 Nb6 26. Rd3 Rf6 27. Bxe8 Rxe8
28. f4 Kf8 29. Nf3 Nc4 30. Nd1 Rf7 31. Rc3 Ra7 32. Nf2 Kf7 33. Nd3 a5 34. bxa5
Rxa5 35. Rb1 Rea8 36. Rbb3 Rxa3 37. Nfe5+ N6xe5 38. Nxe5+ Ke8 39. Nxc4 Ra1+ 40.
Kg2 bxc4 41. Rb7 Kf8 42. Re3 R1a6 43. f5 exf5 44. Re5 Rd8 45. Ree7 Rg6 46. Rec7
Kg8 47. Kf3 h5 48. Kf4 Rg4+ 49. Kxf5 Rf8+ 50. Ke5 Rg5+ 51. Kd6 Rf6+ 52. Kc5 c3
53. Kb4 Rf3 54. Rxc3 Rxc3 55. Kxc3 Rf5 56. Rb2 Kf7 57. Kb4 Ke6 58. Kc5 g5 59.
Re2+ Kf6 60. Kd6 Kg6 61. Re6+ Kg7 62. Re5 Rf6+ 63. Kxd5 1-0

[Event "ch-city"]
[Site "Milanowek"]
[Date "2013.06.28"]
[Round "5.9"]
[White "Zbrzeski, Piotr"]
[Black "Kucharski, Jacek"]
[Result "1-0"]
[WhiteElo "1786"]
[BlackElo "1371"]
[PlyCount "53"]
[EventDate "2013.??.??"]
[EventType "swiss"]
[EventCountry "POL"]

1. d4 Nf6 2. Bf4 e6 3. e3 d5 4. Nf3 Nc6 5. Bd3 Nh5 6. Bg5 Be7 7. Bxe7 Qxe7 8.
c3 Nf6 9. Nbd2 O-O 10. Qc2 Bd7 11. g4 g6 12. g5 Nh5 13. h4 e5 14. dxe5 Nxe5 15.
Nxe5 Qxe5 16. O-O-O Ng7 17. Rdg1 c5 18. Nf3 Qd6 19. Nd2 b5 20. Qd1 a5 21. Bc2
c4 22. Ne4 Qc6 23. Nf6+ Kh8 24. h5 Ne6 25. hxg6 Nxg5 26. Rxh7+ Nxh7 27. g7# 1-0

[Event "ch-city"]
[Site "Milanowek"]
[Date "2013.06.28"]
[Round "5.10"]
[White "Moscicka, Pola"]
[Black "Kowalczyk, Waldemar"]
[Result "0-1"]
[WhiteElo "1487"]
[BlackElo "1760"]
[PlyCount "44"]
[EventDate "2013.??.??"]
[EventType "swiss"]
[EventCountry "POL"]

1. d4 Nf6 2. c4 g6 3. Nf3 Bg7 4. Nc3 d6 5. e4 O-O 6. Be2 e5 7. d5 Ne8 8. O-O f5
9. Bg5 Nf6 10. Qc1 f4 11. g3 h6 12. Bh4 g5 13. Nxg5 hxg5 14. Bxg5 Qd7 15. Kh1
Qh3 16. Bh4 Ng4 17. Bxg4 Bxg4 18. f3 fxg3 19. Bxg3 Bxf3+ 20. Rxf3 Rxf3 21. Qg1
Na6 22. Ne2 Nc5 0-1